| 000 | 00955cam a2200229 4500 | ||
|---|---|---|---|
| 001 | ABS63897 | ||
| 008 | 000000n2001 000 0 eng u | ||
| 035 | _a(Sirsi) u112355 | ||
| 100 | _aRoberts, G. | ||
| 245 | _aChange here for the 21st century | ||
| 260 | _c2001 | ||
| 490 |
_aPlanning (for the Natural and Built Environment) _v20 April 2001, 23(1) |
||
| 520 | _aDiscusses the new challenges facing planners in the decades ahead. This is shown in the context of increased economic and political globalisation, technological advances and various changing institutions. Suggests how the planning profession can adapt to these changes and compares this with other institutions. | ||
| 590 | _aABS | ||
| 650 | _aPLANNING | ||
| 650 | _aPLANNING PROCESS | ||
| 650 | _aTECHNOLOGICAL CHANGE | ||
| 650 | _aURBAN REGENERATION | ||
| 650 | _aECONOMIC DEVELOPMENT | ||
| 690 | _aENVIRONMENTAL AND LAND CONSULTANCY-PLANNING AND DEVELOPMENT | ||
| 942 | _n0 | ||
| 999 |
_c66873 _d66873 |
||